| 000 | 00690nam a2200229 a 4500 | ||
|---|---|---|---|
| 999 |
_c4350 _d4350 |
||
| 001 | 4350 | ||
| 003 | BD-JhCC | ||
| 005 | 20171126171435.0 | ||
| 008 | 171126s1991 bg |||| ||a| 000 0 ben d | ||
| 020 | _a9840725033 | ||
| 035 | _a(BD-JhCC) 4350 | ||
| 040 |
_aBD-JhCC _dBD-JhCC |
||
| 041 | _aben | ||
| 082 |
_a070.018 _bZAH 1991 |
||
| 100 | _aজাহাঙ্গীর, মুহাম্মদ | ||
| 245 |
_aসাংবাদিকতা / _c মুহাম্মদ জাহাঙ্গীর |
||
| 260 |
_aঢাকা : _bবাংলা একাডেমী ঢাকা , _c1991 |
||
| 300 |
_a184 p .: _c22 cm . |
||
| 650 | _aJournalism | ||
| 942 |
_2ddc _cBK |
||